|
|
|
|
| LEADER |
01094cam a2200289 7i4500 |
| 001 |
0000042529 |
| 005 |
20170218090000.0 |
| 020 |
|
|
|a 9780203148860 (ebk.)
|
| 020 |
|
|
|a 9780805861662 (hbk.)
|
| 020 |
|
|
|a 9780415990967 (pbk.)
|
| 090 |
0 |
0 |
|a PN4784.D57
|b R48 2012
|
| 245 |
0 |
0 |
|a Reporting disaster on deadline :
|b a handbook for students and professionals
|c edited by Marty Steffens, Lee Wilkins, Fred Vuitee, Esther Thorson, Greeley Kyle, and Kent Collins.
|
| 260 |
|
|
|a New York, NY.:
|b Routledge,
|c 2012.
|
| 300 |
|
|
|a viii, 141 p.:
|b ill.;
|c 24 cm.
|
| 650 |
0 |
0 |
|a Television broadcasting of news
|
| 650 |
0 |
0 |
|a Disasters --
|x Press coverage
|
| 650 |
0 |
0 |
|a Journalistic ethics
|
| 650 |
0 |
0 |
|a Broadcast journalism
|
| 700 |
1 |
|
|a Thorson, Esther
|
| 700 |
1 |
|
|a Collins, Kent
|
| 700 |
1 |
|
|a Kyle, Greeley
|
| 700 |
1 |
|
|a Vultee, Fred
|
| 700 |
1 |
|
|a Steffens, Marty
|
| 700 |
1 |
|
|a Wilkins, Lee
|
| 997 |
|
|
|a Communication, Visual Art & Computing, Faculty
|b Communication, Department
|
| 998 |
|
|
|a Communication (Journalism), Degree
|
| 999 |
|
|
|a 0000052440
|b BOK
|c OPEN SHELF
|e 1st Floor, Bestari Jaya
|